Hard Country Shape Quiz - Mostly Landlocked - Statistics

General Stats
  • This quiz has been taken 38 times
  • The average score is 12 of 16
Answer Stats
Picture Answer % Correct
Bulgaria
93%
Guinea
93%
Nigeria
93%
South Sudan
89%
Luxembourg
85%
North Macedonia
85%
Belarus
81%
Burkina Faso
81%
Ivory Coast
81%
Eswatini
74%
Bolivia
70%
Burundi
70%
Andorra
67%
Lesotho
63%
Bhutan
59%
Rwanda
59%
No matching quizzes found
Score Distribution
Percent of People with Each Score
Percentile by Number Answered
Your Score History
You have not taken this quiz